| 000 | 00588nam a2200205Ia 4500 | ||
|---|---|---|---|
| 003 | GCL | ||
| 008 | 140319s9999 xx 000 0 ara d | ||
| 040 |
_aGCL / _cGCL |
||
| 082 | 0 | 4 |
_a301.24 _bم ع |
| 100 | 1 | _aمصطفى عبدالعزيز | |
| 245 | 1 | 0 |
_aالعلم للمجتمع / _cمصطفى عبدالعزيز |
| 300 | _a177 ص | ||
| 490 |
_aكتاب الهلال _v0 |
||
| 650 | 0 | 4 | _aالعلم |
| 650 | 0 | 4 | _aالفضاء |
| 650 | 0 | 4 | _aالتطور الاجتماعى |
| 650 | 0 | 4 | _aالمجتمع العربى |
| 650 | 0 | 4 | _aالتقدم الاجتماعى |
| 942 |
_2ddc _cBK |
||
| 999 |
_c40221 _d40221 |
||